000 00476nam a2200181Ia 4500
001 8495
005 20260306160613.0
008 260306t2016||||xx |||||||||||||| ||spa||
041 _aESP
082 _a371.1
_bM28
100 _aMateos Jiménez, Antonio
_eAUT
245 0 _aMejores maestros, mejores educadores:
_binnovación y propuestas en educación
260 _c2016
300 _a466 páginas :
_c24 cm.
650 _aGEN
654 _aCED
942 _cLIB
_dJUS
_fJUS
_2ddc
_n
999 _c8495
_d8495